| 000 -CABECERA |
| Longitud fija campo de control |
01105nam a22002297a 4500 |
| 003 - IDENTIFICADOR DEL NÚMERO DE CONTROL |
| Identificador del número de control |
OSt |
| 005 - FECHA Y HORA DE LA ÚLTIMA TRANSACCIÓN |
| Fecha y hora de la última transacción |
20151026133603.0 |
| 008 - CÓDIGOS DE INFORMACIÓN DE LONGITUD FIJA |
| Códigos de información de longitud fija |
130718s2012 sp ||||| |||| 00| 0 spa d |
| 040 ## - FUENTE DE LA CATALOGACIÓN |
| Centro transcriptor |
CDMR |
| 100 1# - PUNTO DE ACCESO PRINCIPAL-NOMBRE DE PERSONA |
| 9 (RLIN) |
3992 |
| Nombre de persona |
Solà Saña, Sergi Lluís |
| 245 14 - MENCIÓN DE TÍTULO |
| Título |
Els treballadors i els col·laboradors de les emissores de ràdio locals i comarcals de Catalunya |
| Resto del título |
: definició i funcions de les figures professionals |
| Mención de responsabilidad, etc. |
Sergi Lluís Solà Saña ; Josep Lluís Micó Sanz, Miquel Peralta Mas (directors) |
| Medio |
[recurs electrònic] |
| 260 ## - PUBLICACIÓN, DISTRIBUCIÓN, ETC. (PIE DE IMPRENTA) |
| Lugar de publicación, distribución, etc. |
Barcelona |
| Fecha de publicación, distribución, etc. |
2012 |
| 502 ## - NOTA DE TESIS |
| Nota de tesis |
Tesi defensada el 19 de febrer de 2012, |
| Nombre de la institución que otorga el tí,tulo |
Universitat Ramon Llull. FCCB - Comunicació |
| 650 04 - PUNTO DE ACCESO ADICIONAL DE MATERIA - TÉRMINO DE MATERIA |
| 9 (RLIN) |
3756 |
| Término de materia o nombre geográfico como elemento inicial |
Ràdio local |
| Subdivisión geográfica |
Catalunya |
| 650 04 - PUNTO DE ACCESO ADICIONAL DE MATERIA - TÉRMINO DE MATERIA |
| 9 (RLIN) |
3782 |
| Término de materia o nombre geográfico como elemento inicial |
Periodistes |
| Subdivisión de materia general |
Pràctica professional |
| 650 04 - PUNTO DE ACCESO ADICIONAL DE MATERIA - TÉRMINO DE MATERIA |
| 9 (RLIN) |
2994 |
| Término de materia o nombre geográfico como elemento inicial |
Tesis i dissertacions acadèmiques |
| 700 1# - PUNTO DE ACCESO ADICIONAL - NOMBRE DE PERSONA |
| 9 (RLIN) |
2519 |
| Nombre de persona |
Micó, Josep Lluís |
| 700 1# - PUNTO DE ACCESO ADICIONAL - NOMBRE DE PERSONA |
| 9 (RLIN) |
2518 |
| Nombre de persona |
Peralta, Miquel |
| 710 2# - PUNTO DE ACCESO ADICIONAL - NOMBRE DE ENTIDAD |
| 9 (RLIN) |
3392 |
| Nombre de entidad o nombre de jurisdicción como elemento inicial |
Facultat de Ciències de la Comunicació Blanquerna |
| Unidad subordinada |
-- Facultat de Ciències de la Comunicació Blanquerna |
| 856 40 - LOCALIZACIÓN Y ACCESO ELECTRÓNICO |
| Identificador Uniforme del Recurso (URI) |
<a href="http://hdl.handle.net/10803/83594">http://hdl.handle.net/10803/83594</a> |
| Texto del enlace |
Disponible en línia (TDX) |
| 942 ## - ENTRADA DE ELEMENTOS AGREGADOS (KOHA) |
| Fuente de clasificaión o esquema |
|
| Koha [por defecto] tipo de item |
Tesines en línia |